MARC

LEADER 00000nam0a2200000 4500
001 363524
005 20231102011610.0
035 |a (RuTPU)RU\TPU\retro\20871 
090 |a 363524 
100 |a 20211004d1981 k y0rusy50 ca 
101 0 |a rus 
102 |a UA 
105 |a a z 001zy 
200 1 |a Проникание упругих оболочек в сжимаемую жидкость  |e монография  |f В. Д. Кубенко  |g Академия наук Украинской ССР, Институт механики 
210 |a Киев  |c Наукова думка  |d 1981 
215 |a 160 с.  |c ил. 
320 |a Библиогр.: с. 157-158 
606 1 |a Проникание  |x (физика)  |2 stltpush  |3 (RuTPU)RU\TPU\subj\52767  |9 71169 
610 1 |a гидроупругость 
610 1 |a динамические контактные задачи 
610 1 |a соотношения 
610 1 |a жесткие тела 
610 1 |a плоские задачи 
610 1 |a поверхность 
610 1 |a нестационарные нагрузки 
610 1 |a упругие оболочки 
610 1 |a осесимметричные задачи 
610 1 |a монографии 
675 |a 532.58  |v 4 
700 1 |a Кубенко  |b В. Д.  |g Вениамин Дмитриевич 
712 0 2 |a Академия наук Украинской ССР  |b Институт механики  |c (Киев)  |c (1959-1991)  |2 stltpush  |3 (RuTPU)RU\TPU\col\1205  |9 23531 
801 1 |a RU  |b 63413507  |c 20211004 
801 2 |a RU  |b 63413507  |c 20220701  |g RCR 
942 |c BK